| 000 -ლიდერი |
| ფიქსირებული სიგრძის საკონტროლო ველი |
01092nam a22001937a 4500 |
| 003 - საკონტროლო ნომრის იდენტიფიკატორი |
| საკონტროლო ველი |
Ge_BSU |
| 005 - ბოლო ოპერაციის თარიღი და დრო |
| საკონტროლო ველი |
20221005135200.0 |
| 008 - ფიქსირებული სიგრძის მონაცემთა ელემენტები - ზოგადი ინფორმაცია |
| ფიქსირებული სიგრძის საკონტროლო ველი |
221005s2006 ge ||||| |||| 00| 0 geo d |
| 041 ## - ენის კოდი |
| Language code of text/sound track or separate title |
geo |
| 080 ## - უნივერსალური ათობითი კლასიფიკაციის ინდექსი |
| Universal Decimal Classification number |
069.6 ლ-85 |
| 100 ## - მთავარი ჩანაწერი - პიროვნების სახელი |
| Personal name |
ლორდი, ბარი |
| 9 (RLIN) |
15059 |
| 245 ## - ცნობა სათაურის შესახებ |
| Title |
სამუზეუმო საქმის მენეჯმენტი = The Manual of Museum Management / |
| Statement of responsibility, etc |
ბარი ლორდი და გეილ დექსთერ ლორდი ; [ინგლ. თარგმნა სალომე ცისკარიშვილმა ; პროექტის ავტ. და წიგნის რედ. ინგა ქარაია]. |
| 264 ## - წარმოების, გამოცემის, დისტრიბუციის და სხვა ცნობები |
| გამოცემის, წარმოების, დისტრიბუციის... ადგილი |
[თბილისი], |
| გამოცემის, წარმოების, დისტრიბუციის... თარიღი |
2006. |
| 300 ## - ფიზიკური აღწერა |
| Extent |
298 გვ. ; |
| Other physical details |
20 სმ. |
| 653 ## - INDEX TERM--UNCONTROLLED |
| Uncontrolled term |
სამუზეუმეო საქმის მართვა. |
| 700 ## - ADDED ENTRY--PERSONAL NAME |
| Personal name |
ლორდი, გეილ დექსთერ |
| Relator term |
ავტორი |
| 9 (RLIN) |
15060 |
| 856 ## - ELECTRONIC LOCATION AND ACCESS |
| Uniform Resource Identifier |
file:///C:/Users/BSU/Downloads/Samuzeumo_Saqmis_Menejmenti.pdf |
| Link text |
ელ. ვერსია. pdf |
| 942 ## - ADDED ENTRY ELEMENTS (KOHA) |
| Source of classification or shelving scheme |
|
| Koha item type |
წიგნი |